Viva La Revolucion: on Latin America/ (Record no. 177362)

MARC details
000 -LEADER
fixed length control field 00734nam a22002057a 4500
005 - DATE AND TIME OF LATEST TRANSACTION
control field 20210219120610.0
010 ## - LCCN (DPL NO)
LC control number ENG-129040
020 ## - INTERNATIONAL STANDARD BOOK NUMBER
Terms of availability 799.00
International Standard Book Number 978-1-4087-0707-4
035 ## - SYSTEM CONTROL NUMBER
System control number EN-112572
037 ## - SOURCE OF ACQUISITION
Source of stock number/acquisition DBAD/PUB
082 ## - DEWEY DECIMAL CLASSIFICATION NUMBER
Classification number 320.980904
100 ## - MAIN ENTRY--PERSONAL NAME
Personal name Hobsbawm, Eric
245 ## - TITLE STATEMENT
Title Viva La Revolucion: on Latin America/
Statement of responsibility, etc Eric Hobsbawm; edited by Leslie Bethell
260 ## - PUBLICATION, DISTRIBUTION, ETC. (IMPRINT)
Place of publication, distribution, etc Gurugram
Name of publisher, distributor, etc Hachette Book Publishing India Pvt. Ltd.
Date of publication, distribution, etc 2016
270 ## - ADDRESS
City Gurugram
Address 4th/5th Floors, Corporate Centre, Plot No- 94, Sec- 44
Postal code 122003
300 ## - PHYSICAL DESCRIPTION
Extent 470p.
Dimensions 24cm(hbk)
Other physical details Including index.
500 ## - GENERAL NOTE
General note Translated from the Swedish By George Goulding
700 ## - ADDED ENTRY--PERSONAL NAME
Personal name Bethell, Leslie, Ed.
942 ## - ADDED ENTRY ELEMENTS (KOHA)
Source of classification or shelving scheme Dewey Decimal Classification
Item type English Books
Classification part 320.980904
Call number suffix HOB
Holdings
Withdrawn status Lost status Not for loan Collection code Home library Current library Date acquired Source of acquisition Cost, normal purchase price Full call number Barcode Copy number Cost, replacement price Koha item type
      Non-fiction Ashok Vihar Ashok Vihar 19/02/2021 DBAD/PUB 799.00 320.980904 HOB EN-112572 1 799.00 English Books

© Delhi Public Library
Hit Counter
free hit counter